Szczegóły MARC21

Prawdziwe historie nowych produktów /

005 -DATA I CZAS OSTATNIEJ MODYFIKACJI [,]
    • @
    • pole kontrolne
    • 20110922130440.0
020 -Międzynarod. znormalizowany nr książki - ISBN [ , ]
    • a
    • Numer ISBN
    • 8372559120 Find
040 -Instytucja sporządzająca opis [ , ]
    • a
    • Instytucja, która sporządziła opis (NP)
    • SZCZ U/IJ
    • c
    • Instytucja, która sporządziła rekord (NP)
    • SZCZ U/IJ
    • d
    • Instytucja, która zmodyfikowała rekord (P)
    • SZCZ U/RJ
041 -Język dokumentu [1, ]
    • a
    • Język tekstu (P)
    • polski
    • h
    • Język tekstu oryginalnego i/lub pośredniego (P)
    • angielski
044 -Kraj miejsca wydania [ , ]
    • a
    • Kraj miejsca wydania
    • Polska
942 -Rodzaj dokumentu [ , ]
    • c
    • Rodzaj dokumentu
    • Książka
100 -Hasło główne - nazwa osobowa [1, ]
    • 9
    • KHW
    • 26143
    • a
    • Nazwa osobowa (NP)
    • Thomas, Robert J.
    • d
    • Daty biograficzne (NP)
    • (1940- ).
245 -Strefa tytułu i oznaczenia odpowiedzialności [1,0]
    • a
    • Tytuł
    • Prawdziwe historie nowych produktów / Find
    • c
    • Pozostałe elementy strefy tytułu i oznaczenia odpowiedzialności (NP)
    • Robert J. Thomas ; przeł. Rafał Kramarski i Irena Bartczak.
246 -Wariant tytułu [1, ]
    • i
    • Tekst wyświetlany na ekranie monitora (NP)
    • Tyt. oryg. :
    • a
    • Tytuł (NP)
    • New product success stories
260 -Strefa adresu wydawniczego [ , ]
    • a
    • Miejsce wydania (P)
    • Warszawa :
    • b
    • Nazwa wydawcy (P)
    • Prószyński i S-ka,
    • c
    • Data wydania (P)
    • 2001.
300 -Strefa opisu fizycznego [ , ]
    • a
    • Określenie formy książki i/lub objętość (NP)
    • 294 s. ;
    • c
    • Format (NP)
    • 24 cm.
500 -Uwaga ogólna [ , ]
    • a
    • Uwaga ogólna (NP)
    • Na okł.: Jak podbić rynek - opowieść o tych, którzy odnieśli sukces.
546 -Uwaga dot. języka [ , ]
    • a
    • Uwaga dot. języka
    • Tł. z jęz. ang.
080 -Uniwersalna Klasyfikacja Dziesiętna [ , ]
    • 2
    • Identyfikator wydania tablic
    • UDC-P058
    • 9
    • UKD
    • 5601
    • a
    • Symbol klasyfikacji
    • 658.1/.5
    • b
    • Dopowiedzenie
    • Organizacja przedsiębiorstwa.
    • 4
    • UKD2
    • 8141
    • x
    • Poddział wspólny
    • (73)
    • c
    • Dopowiedzenie poddz. wspólnego
    • (Stany Zjednoczone Ameryki Północnej. USA).
    • 4
    • UKD2
    • 8590
    • x
    • Poddział wspólny
    • "1944/..."
    • c
    • Dopowiedzenie poddz. wspólnego
    • Od 1944.
080 -Uniwersalna Klasyfikacja Dziesiętna [ , ]
    • 2
    • Identyfikator wydania tablic
    • UDC-P058
    • 9
    • UKD
    • 3293
    • a
    • Symbol klasyfikacji
    • 339.132
    • b
    • Dopowiedzenie
    • Podaż. Zdolność produkcyjna. Przepustowość dystrybucji i sprzedaży.
    • 4
    • UKD2
    • 8141
    • x
    • Poddział wspólny
    • (73)
    • c
    • Dopowiedzenie poddz. wspólnego
    • (Stany Zjednoczone Ameryki Północnej. USA).
    • 4
    • UKD2
    • 8650
    • x
    • Poddział wspólny
    • "1945/..."
    • c
    • Dopowiedzenie poddz. wspólnego
    • Od 1945.
080 -Uniwersalna Klasyfikacja Dziesiętna [ , ]
    • 2
    • Identyfikator wydania tablic
    • UDC-P058
    • 9
    • UKD
    • 3296
    • a
    • Symbol klasyfikacji
    • 339.138
    • b
    • Dopowiedzenie
    • Marketing. Badania marketingowe.
    • 4
    • UKD2
    • 8141
    • x
    • Poddział wspólny
    • (73)
    • c
    • Dopowiedzenie poddz. wspólnego
    • (Stany Zjednoczone Ameryki Północnej. USA).
980 -Symbol UKD [ , ]
    • a
    • UKD
    • 658.1/.5:339.132:339.138](73)"1945/..."
700 -Hasło dodatkowe - nazwa osobowa [1, ]
    • 9
    • KHW
    • 26144
    • a
    • Nazwa osobowa (NP)
    • Kramarski, Rafał. Find
    • e
    • Określenie rodzaju współpracy
    • Tł.
700 -Hasło dodatkowe - nazwa osobowa [1, ]
    • 9
    • KHW
    • 26145
    • a
    • Nazwa osobowa (NP)
    • Bartczak, Irena. Find
    • e
    • Określenie rodzaju współpracy
    • Tl.
920 -ISBN [ , ]
    • a
    • ISBN
    • 83-7255-912-0 Find
Data inwentaryzacji Lokalizacja Sygnatura Numer inwentarzowy Status udost.
2011-09-19TT.11429T.11429-2